Lanean...

Sauparnika

Xehetasun bibliografikoak
Egile nagusia: Narendraprasad, R.
Formatua: Printed Book
Hizkuntza:English
Argitaratua: Kottayam 1984
Gaiak:
LEADER 00602nam a2200253 a 4500
001 adlib96000001
003 ViArRB
005 20151026132537.0
008 960221s1955 dcuabcdjdbkoqu001 0deng d
020
022
040 |a Adlib 
082 |a 89M-2 
245 |a Sauparnika 
250
260 |a Kottayam  |c 1984 
300 |a 130p. 
500 |a   
100 |a Narendraprasad, R. 
700
942 |c BK  |6 _ 
653 |a Malayalam Literatue-Drama 
999 |c 50898  |d 50898 
952 |0 0  |1 0  |4 0  |6 89M2_NARES  |7 0  |9 63774  |a UL  |b UL  |d 2010-06-19  |o 89M-2 NARE/S  |p 00034055  |r 2010-06-19  |w 2010-06-19  |y BK